Influence of Consumer's Demographics and Salesperson's Appearance on Consumer's Satsfaction with Salesperson's Performance (Record no. 8672)
[ view plain ]
| 000 -LEADER | |
|---|---|
| fixed length control field | 01025cam a22001814a 4500 |
| 005 - ΗΜΕΡΟΜΗΝΙΑ ΚΑΙ ΩΡΑ ΤΕΛΕΥΤΑΙΑΣ ΕΝΗΜΕΡΩΣΗΣ | |
| Πεδίο ελέγχου | 20250605164343.0 |
| 008 - FIXED-LENGTH DATA ELEMENTS--GENERAL INFORMATION | |
| Πεδίο ελέγχου σταθερού μήκους | 250528s ||||||||||||||||||||||||d |
| 035 ## - SYSTEM CONTROL NUMBER | |
| System control number | 23714 |
| 040 ## - ΠΗΓΗ ΚΑΤΑΛΟΓΟΓΡΑΦΗΣΗΣ | |
| Φορέας πρωτότυπης καταλογογράφησης | MC Athens Campus Library |
| Γλώσσα καταλογογράφησης | Ελληνικά, Μοντέρνα (1453-) |
| Modifying agency | MC Athens Campus Library |
| Κανόνες περιγραφικής καταλογογράφησης | AACR2 |
| 245 1# - ΤΙΤΛΟΣ ΚΑΙ ΔΗΛΩΣΗ ΥΠΕΥΘΥΝΟΤΗΤΑΣ | |
| Τίτλος | Influence of Consumer's Demographics and Salesperson's Appearance on Consumer's Satsfaction with Salesperson's Performance |
| 260 ## - PUBLICATION, DISTRIBUTION, ETC. | |
| Date of publication, distribution, etc. | 2009 |
| 300 ## - PHYSICAL DESCRIPTION | |
| Extent | 67 |
| 520 ## - SUMMARY, ETC. | |
| Summary, etc. | Research Questions and Objectives, Cross Tabulation: Age Versus Influence of Salesman Pressure, Cross Tabulation: Gender Versus Influence of Salesman Pressure, Factors that Influence Consumer Attitude Towards Buying and Answers by Age Group, Factors of Body Language that Influence Consumer Attitude Towards Buying and Answers by Gender, Factors of Fluency of Speech which Influence Consumer Attitude Towards Buying and Answers by Gender, Salesman Apparel Preference and Answers by Gender, Sal;esman Behavior Preference. |
| 700 1# - ΠΡΟΣΘΕΤΗ ΑΝΑΓΡΑΦΗ--ΦΥΣΙΚΟ ΠΡΟΣΩΠΟ | |
| Personal name | Sardelis Fotis |
| 9 (RLIN) | 9270 |
| 942 ## - ADDED ENTRY ELEMENTS (KOHA) | |
| Koha item type | Διπλωματική εργασία |
| Τύπος τεκμηρίου | Βιβλιοθήκη | Τρέχουσα τοποθεσία | Barcode | Ημερομηνία απόκτησης | Ταξιθετικό σύμβολο | Αριθμός αντιτύπου | Κατάσταση απόσυρσης | Κατάσταση χαμένου | Κατάσταση κατεστραμμένου | Μη δανεισμός | Σύνολο δανεισμών | Ημερομηνία τελευταίας εμφάνισης | Η τιμή ισχύει από |
|---|---|---|---|---|---|---|---|---|---|---|---|---|---|
| Διπλωματική εργασία | MC Athens Campus Library | MC Athens Campus Library | 9780000086716 | 05/06/2025 | BUS 2009 (1) | 1 | 05/06/2025 | 05/06/2025 |